00410cam a22000857a 4500008004000000082002400040245021400064260003800278300000800316180718b1950 xxu||||| |||| 00| 0 eng d aA45:R6603 MADH/1948 aReport on the administratio of the workmen's compensation act, 1923 (VIII of 1923), in the Central Provinces and Berar and Central Provinces States during 1948cby Government of the Central Provinces and Berar aNagpurbGovernment Printingc1950 a9p.